LIBRARY & INFORMATION CENTRE, KCAET, TAVANUR

ONLINE PUBLIC ACCESS CATALOGUE (OPAC)

Milk production and processing (Record no. 17523)

MARC details
000 -LEADER
fixed length control field 00429nam a22001697a 4500
003 - CONTROL NUMBER IDENTIFIER
control field OSt
008 - FIXED-LENGTH DATA ELEMENTS--GENERAL INFORMATION
fixed length control field 220618b |||||||| |||| 00| 0 eng d
020 ## - INTERNATIONAL STANDARD BOOK NUMBER
ISBN 9788170353294
020 ## - INTERNATIONAL STANDARD BOOK NUMBER
ISBN 8170353297
082 ## - DEWEY DECIMAL CLASSIFICATION NUMBER
Classification number 637.1
Item number IBR/MI
100 ## - MAIN ENTRY--AUTHOR NAME
Personal name Ibraheem Kutty, C
100 ## - MAIN ENTRY--AUTHOR NAME
Personal name Sheeba Khamer
245 ## - TITLE STATEMENT
Title Milk production and processing
260 ## - PUBLICATION, DISTRIBUTION, ETC. (IMPRINT)
Place of publication New Delhi
Name of publisher Daya Publishing House
Year of publication 2022
300 ## - PHYSICAL DESCRIPTION
Number of Pages 188p
942 ## - ADDED ENTRY ELEMENTS (KOHA)
Koha item type Books
Holdings
Withdrawn status Lost status Damaged status Home library Current library Shelving location Date acquired Source of acquisition Cost, normal purchase price Full call number Accession Number Koha item type
      KAUAET KAUAET KAU- SC Sub plan 31/03/2022 TBS 1395.00 637.1 IBR/MI 26053 Books
free website counter